MyGZULibrary

Sociology : (Record no. 3779)

MARC details
000 -LEADER
fixed length control field 00989cam a2200301 a 4500
001 - CONTROL NUMBER
control field 16850274
003 - CONTROL NUMBER IDENTIFIER
control field GZU
005 - DATE AND TIME OF LATEST TRANSACTION
control field 20210309115711.0
008 - FIXED-LENGTH DATA ELEMENTS--GENERAL INFORMATION
fixed length control field 110630s2013 caua b 001 0 eng
010 ## - LIBRARY OF CONGRESS CONTROL NUMBER
LC control number 2011933358
020 ## - INTERNATIONAL STANDARD BOOK NUMBER
International Standard Book Number 9781111834876
020 ## - INTERNATIONAL STANDARD BOOK NUMBER
International Standard Book Number 1111833869 (student edition)
020 ## - INTERNATIONAL STANDARD BOOK NUMBER
International Standard Book Number 9781111837907 (instructor edition)
040 ## - CATALOGING SOURCE
Original cataloging agency DLC
Transcribing agency DLC
042 ## - AUTHENTICATION CODE
Authentication code pcc
050 00 - LIBRARY OF CONGRESS CALL NUMBER
Classification number HM586
100 1# - MAIN ENTRY--PERSONAL NAME
Personal name Brym, Robert J.,
Dates associated with a name 1951-
245 10 - TITLE STATEMENT
Title Sociology :
Remainder of title pop culture to social structure /
Statement of responsibility, etc. Robert J. Brym, John Lie.
250 ## - EDITION STATEMENT
Edition statement 3rd ed.
260 ## - PUBLICATION, DISTRIBUTION, ETC.
Place of publication, distribution, etc. Australia ;
-- Belmont, CA :
Name of publisher, distributor, etc. Wadsworth Cengage Learning,
Date of publication, distribution, etc. c2013.
300 ## - PHYSICAL DESCRIPTION
Extent viii, 422 p. :
Other physical details ill. ;
500 ## - GENERAL NOTE
General note Includes bibliographical references (p. 398-412) and indexes.
504 ## - BIBLIOGRAPHY, ETC. NOTE
Bibliography, etc. note Includes bibliographical references (p. 398-412) and indexes.
650 #0 - SUBJECT ADDED ENTRY--TOPICAL TERM
Topical term or geographic name entry element Sociology.
700 1# - ADDED ENTRY--PERSONAL NAME
Personal name Lie, John.
Relator term author
906 ## - LOCAL DATA ELEMENT F, LDF (RLIN)
a 7
b cbc
c orignew
d 3
e epcn
f 20
g y-gencatlg
942 ## - ADDED ENTRY ELEMENTS (KOHA)
Source of classification or shelving scheme Library of Congress Classification
Koha item type Books
Edition 3rd ed.
Classification part 586
Item part BRY
Call number prefix HM
Holdings
Withdrawn status Lost status Source of classification or shelving scheme Damaged status Not for loan Collection code Home library Current library Shelving location Date acquired Total Checkouts Full call number Barcode Date last seen Date last checked out Copy number Price effective from Koha item type
    Library of Congress Classification     Non-fiction City Campus Library City Campus Library General Stacks 03/09/2021 1 HM586 BRY 2013 027808 08/29/2024 08/23/2024 c.1 03/09/2021 Books